[Event "Harrogate 4NCL op-C 29th"]
[Site "Harrogate"]
[Date "2023.01.22"]
[Round "4"]
[White "Carey, Con"]
[Black "Brown, Christian K"]
[Result "1/2-1/2"]
[WhiteElo "1525"]
[BlackElo "1454"]
[PlyCount "27"]
[EventDate "2023.01.20"]
[EventType "swiss"]
[EventRounds "5"]
[EventCountry "ENG"]
[SourceTitle "CBM 212 Extra"]
[Source "ChessBase"]
[SourceDate "2023.03.31"]
[SourceVersion "1"]
[SourceVersionDate "2023.03.31"]
[SourceQuality "1"]

1. d4 d5 2. Bf4 Nf6 3. e3 c5 4. Nc3 Nc6 5. Nb5 Bf5 6. Nc7+ Kd7 7. Nxa8 Qxa8 8. c3 e6 9. Bb5 a6 10. Qa4 Be7 11. Bxc6+ bxc6 12. Nf3 Rc8 13. 0-0 Qb7 14. Qb3 1/2-1/2

[Event "Harrogate 4NCL op-C 27th"]
[Site "Harrogate"]
[Date "2022.01.23"]
[Round "5"]
[White "Carey, Con"]
[Black "Vdovycia, Titas"]
[Result "1-0"]
[WhiteElo "1570"]
[BlackElo "1667"]
[PlyCount "31"]
[EventDate "2022.01.21"]
[EventType "swiss"]
[EventRounds "5"]
[EventCountry "ENG"]
[SourceTitle "CBM 206 Extra"]
[Source "ChessBase"]
[SourceDate "2022.03.31"]
[SourceVersion "1"]
[SourceVersionDate "2022.03.31"]
[SourceQuality "1"]

1. d4 Nf6 2. Bf4 d5 3. e3 c5 4. Nf3 Nc6 5. Nbd2 Qb6 6. Rb1 Bf5 7. dxc5 Qxc5 8. Nb3 Qxc2 9. Qxc2 Bxc2 10. Rc1 Bxb3 11. axb3 Nh5 12. Be5 Nxe5 13. Nxe5 e6 14. Bb5+ Kd8 15. Nxf7+ Ke7 16. Nxh8 1-0

[Event "Harrogate 4NCL op-C 27th"]
[Site "Harrogate"]
[Date "2022.01.23"]
[Round "4"]
[White "Pointon, Mike"]
[Black "Carey, Con"]
[Result "1/2-1/2"]
[WhiteElo "1650"]
[BlackElo "1570"]
[PlyCount "46"]
[EventDate "2022.01.21"]
[EventType "swiss"]
[EventRounds "5"]
[EventCountry "ENG"]
[SourceTitle "CBM 206 Extra"]
[Source "ChessBase"]
[SourceDate "2022.03.31"]
[SourceVersion "1"]
[SourceVersionDate "2022.03.31"]
[SourceQuality "1"]

1. e4 g6 2. d4 Bg7 3. f4 d6 4. Nf3 Bg4 5. Be3 c6 6. Nc3 Nd7 7. Be2 Nb6 8. 0-0 e6 9. h3 Bxf3 10. Rxf3 Ne7 11. Qd2 f5 12. e5 Ned5 13. Nxd5 Nxd5 14. Rd1 Nxe3 15. Qxe3 d5 16. c4 Qb6 17. Qa3 Bf8 18. c5 Qc7 19. b4 Be7 20. Rb1 0-0 21. Rfb3 b5 22. Qa6 Qc8 23. Ra3 Qd7 1/2-1/2